00514nam a2200181Ia 4500008004100000020001800041082001800059100002800077245002500105250000600130260002800136300001000164500002400174650001200198942000700210952009800217999001700315230524s9999 xx 000 0 und d a9788188337712 a658.4038bDAS aRayguru A.K. Das942007 0aManagerial Computing a1 aBBSRbNew Age Pubc2010 a392p; aQuantity Number: 1 aComp-Sc cBK 00104070aTATCLbTATCLcGENd2023-05-24l0o658.4038 DASp53861r2023-05-24w2023-05-24yBK c56420d56420